000 00310nam a22001457a 4500
008 230522b ||||| |||| 00| 0 eng d
020 _a9782211088213
041 _aFRA
080 _a82
082 _a82KUI
100 _a38
101 _aGJL
245 _aLE LIVRE QUI DIT TOUT
_cKUIJER.G
942 _2udc
_cBK
999 _c59789
_d59789